00662nam a2200205Ia 4500003000400000005001700004008004100021020001800062040001800080041000800098082002200106100001700128245009700145250001200242260004100254300002400295650005500319650006300374700001900437OSt20250224152938.0210716s2006 xx 000 0 und d a9780761934684 cAIMIT LIBRARY aeng a658.406 21bNILV aNilakant, V. aChange management:baltering mindsets in a global context /cBy V Nilakant and S Ramnarayan. a1st ed. aNew Delhi :bResponse Books ;c2006. a355p. ;bPBc21 cm. aCost advantages from flexibility in plant capacity aCommunicating to delhi residents and gaining their support aRamnarayan, S.